[Event "Barcelona Sant Marti op-A 19th"]
[Site "Barcelona"]
[Date "2017.07.20"]
[Round "8"]
[White "Perpinya Rofes, Lluis Maria"]
[Black "Carrasco Rodriguez, Jesus"]
[Result "1-0"]
[WhiteElo "2352"]
[BlackElo "2181"]
[PlyCount "69"]
[EventDate "2017.07.13"]
[EventType "swiss"]
[EventRounds "9"]
[EventCountry "ESP"]
[SourceTitle "EXT 2018"]
[Source "ChessBase"]
[SourceDate "2017.10.13"]
[SourceVersion "1"]
[SourceVersionDate "2017.10.13"]
[SourceQuality "1"]

1. e4 Nf6 2. e5 Nd5 3. d4 d6 4. Nf3 dxe5 5. Nxe5 c6 6. Be2 Bf5 7. 0-0 Nd7 8. Nf3 e6 9. c4 N5f6 10. Nc3 Bd6 11. d5 cxd5 12. cxd5 e5 13. Nh4 Bg6 14. Nxg6 hxg6 15. Bg5 0-0 16. Rc1 a6 17. Qd2 Qb8 18. Rfe1 Nh7 19. Ne4 f5 20. Nxd6 Qxd6 21. f3 Kh8 22. Bh4 Rac8 23. Bf2 Ndf6 24. Bc4 Rfe8 25. b4 b6 26. Bxa6 Rxc1 27. Rxc1 Qxd5 28. Qxd5 Nxd5 29. Bb5 Rb8 30. a3 Nhf6 31. Rc6 e4 32. fxe4 Nxe4 33. Bd4 Ne7 34. Rc7 Rd8 35. Rd7 1-0

[Event "Barcelona Sant Marti op-A 19th"]
[Site "Barcelona"]
[Date "2017.07.16"]
[Round "4"]
[White "Carrasco Rodriguez, Jesus"]
[Black "Gandhi, Anish"]
[Result "0-1"]
[WhiteElo "2181"]
[BlackElo "2012"]
[PlyCount "56"]
[EventDate "2017.07.13"]
[EventType "swiss"]
[EventRounds "9"]
[EventCountry "ESP"]
[SourceTitle "EXT 2018"]
[Source "ChessBase"]
[SourceDate "2017.10.13"]
[SourceVersion "1"]
[SourceVersionDate "2017.10.13"]
[SourceQuality "1"]

1. e4 c5 2. Nc3 Nc6 3. Bb5 Nd4 4. Nf3 a6 5. Bc4 b5 6. Bd5 Rb8 7. Nxd4 cxd4 8. Ne2 Nf6 9. Bb3 Nxe4 10. Nxd4 e6 11. c3 Bb7 12. 0-0 Bd6 13. Nf3 g5 14. d4 Rg8 15. Ne5 g4 16. Bc2 f6 17. f3 Ng5 18. Bxg5 Rxg5 19. f4 Rg7 20. Nxg4 f5 21. Ne3 Qh4 22. Qe1 Bxf4 23. Qxh4 Bxe3+ 24. Rf2 Rxg2+ 25. Kf1 Rxf2+ 26. Ke1 Rxc2 27. Qxh7 Bf4 28. h4 Rh2 0-1

[Event "Catalunya-chT GpA final"]
[Site "Barcelona"]
[Date "2017.04.01"]
[Round "4.9"]
[White "Carrasco Rodriguez, Jesus"]
[Black "Perez Garcia, Adria"]
[Result "1-0"]
[WhiteElo "2175"]
[BlackElo "2080"]
[PlyCount "59"]
[EventDate "2017.03.11"]
[EventType "team-tourn"]
[EventRounds "11"]
[EventCountry "ESP"]
[SourceTitle "EXT 2018"]
[Source "ChessBase"]
[SourceDate "2017.10.13"]
[SourceVersion "1"]
[SourceVersionDate "2017.10.13"]
[SourceQuality "1"]
[WhiteTeam "Barbera"]
[BlackTeam "Peona I Peo"]
[WhiteTeamCountry "ESP"]
[BlackTeamCountry "ESP"]

1. e4 c6 2. Nc3 d5 3. Nf3 Bg4 4. d4 e6 5. h3 Bxf3 6. Qxf3 Nf6 7. Bd3 dxe4 8. Nxe4 Qxd4 9. 0-0 Nxe4 10. Bxe4 Nd7 11. Rd1 Qf6 12. Qg3 Qe5 13. Qf3 Qf6 14. Bf4 e5 15. Qg4 Qe7 16. Bg5 f6 17. Bd2 0-0-0 18. Ba5 b6 19. Bxc6 bxa5 20. Rxd7 Rxd7 21. Rd1 h5 22. Bxd7+ Kc7 23. Qa4 Qc5 24. Rd3 Qb6 25. Be8 Bc5 26. Qd7+ Kb8 27. Rb3 Bb4 28. a3 Qc7 29. axb4 Qxc2 30. Qb5+ 1-0

[Event "Mislata op 50th"]
[Site "Mislata"]
[Date "2016.08.09"]
[Round "2"]
[White "Diaz Velandia, Jose Manuel"]
[Black "Carrasco Rodriguez, Jesus"]
[Result "1/2-1/2"]
[WhiteElo "2343"]
[BlackElo "2161"]
[PlyCount "45"]
[EventDate "2016.08.08"]
[EventType "swiss"]
[EventRounds "9"]
[EventCountry "ESP"]
[SourceTitle "CBM 173 Extra"]
[Source "ChessBase"]
[SourceDate "2016.08.29"]
[SourceVersion "1"]
[SourceVersionDate "2016.08.29"]
[SourceQuality "1"]

1. d4 d5 2. Nf3 Nf6 3. e3 c6 4. Bd3 Bg4 5. h3 Bxf3 6. Qxf3 g6 7. 0-0 Bg7 8. c3 Nbd7 9. e4 dxe4 10. Bxe4 Nxe4 11. Qxe4 0-0 12. Bg5 Qb6 13. Qxe7 Qxb2 14. Nd2 Nb6 15. Nb3 Rfb8 16. Rfc1 Bf8 17. Qe5 h6 18. Bh4 Re8 19. Qf6 Qe2 20. Bg3 Re6 21. Qh4 Re4 22. Qf6 Re6 23. Qh4 1/2-1/2

[Event "Barcelona Sant Marti op-A 18th"]
[Site "Barcelona"]
[Date "2016.07.20"]
[Round "8"]
[White "Suasnabar, Jesus"]
[Black "Carrasco Rodriguez, Jesus"]
[Result "0-1"]
[WhiteElo "1982"]
[BlackElo "2202"]
[PlyCount "120"]
[EventDate "2016.07.13"]
[EventType "swiss"]
[EventRounds "9"]
[EventCountry "ESP"]
[SourceTitle "CBM 173 Extra"]
[Source "ChessBase"]
[SourceDate "2016.08.29"]
[SourceVersion "1"]
[SourceVersionDate "2016.08.29"]
[SourceQuality "1"]

1. e4 c5 2. Nf3 d6 3. d4 cxd4 4. Nxd4 Nf6 5. f3 e5 6. Nb3 Be7 7. c4 0-0 8. Be3 b5 9. Nc3 bxc4 10. Bxc4 Bb7 11. 0-0 Nbd7 12. Nd5 Nxd5 13. Bxd5 Bxd5 14. Qxd5 Nf6 15. Qa5 d5 16. Rad1 Qxa5 17. Nxa5 d4 18. Nc6 Bd6 19. Bxd4 exd4 20. e5 Rac8 21. Rc1 Rxc6 22. Rxc6 Bxe5 23. Rfc1 Re8 24. Rc8 Kf8 25. Rxe8+ Nxe8 26. Rc8 Bc7 27. Ra8 Bb6 28. Kf1 Ke7 29. Ke2 Nd6 30. Kd3 Kd7 31. Rg8 Ne8 32. g4 h6 33. h4 f6 34. h5 Ke7 35. Rh8 Kf7 36. b3 Nc7 37. Rb8 Nd5 38. Rb7+ Ke6 39. Rxg7 Nb4+ 40. Kd2 Nxa2 41. f4 Nc3 42. g5 Ne4+ 43. Kd3 Nf2+ 44. Kc4 d3 45. gxh6 d2 46. Rg1 Ng4 47. Rd1 Ne3+ 48. Kd3 Nxd1 49. h7 Ba5 50. h8Q Nb2+ 51. Kc2 d1Q+ 52. Kxb2 Qd2+ 53. Ka3 Qb4+ 54. Kb2 Qd4+ 55. Ka2 Qd2+ 56. Ka3 Bb4+ 57. Ka4 Be7 58. Qg8+ Kd7 59. Qg4+ Kc7 60. f5 Kb6 0-1

[Event "Barcelona Sants op 17th"]
[Site "Barcelona"]
[Date "2015.08.29"]
[Round "9"]
[White "Carrasco Rodriguez, Jesus"]
[Black "Cruz Estrada, Filemon"]
[Result "1/2-1/2"]
[WhiteElo "2168"]
[BlackElo "2395"]
[PlyCount "63"]
[EventDate "2015.08.21"]
[EventType "swiss"]
[EventRounds "10"]
[EventCountry "ESP"]
[SourceTitle "EXT 2016"]
[Source "ChessBase"]
[SourceDate "2015.10.08"]
[SourceVersion "1"]
[SourceVersionDate "2015.10.08"]
[SourceQuality "1"]

1. e4 c5 2. Nf3 Nc6 3. d4 cxd4 4. Nxd4 Nf6 5. Nc3 d6 6. Be2 g6 7. 0-0 Bg7 8. Be3 0-0 9. h3 Bd7 10. Nb3 a5 11. Nd2 Be6 12. Nc4 b5 13. Nxb5 Nxe4 14. Nd4 Nxd4 15. Bxd4 Nf6 16. a4 Bxc4 17. Bxc4 e5 18. Be3 d5 19. Bb5 d4 20. Bg5 h6 21. Bxf6 Qxf6 22. Qe2 Qd6 23. f4 exf4 24. Qe4 g5 25. Rfe1 Ra7 26. Bd3 Rd8 27. Qf5 Qf6 28. Qxf6 Bxf6 29. g3 Re7 30. Rxe7 Bxe7 31. gxf4 Kg7 32. fxg5 1/2-1/2

[Event "Barbera del Valles op 38th"]
[Site "Barbera del Valles"]
[Date "2015.07.09"]
[Round "6"]
[White "Baltasar Diaz, Vicente"]
[Black "Carrasco Rodriguez, Jesus"]
[Result "0-1"]
[WhiteElo "1614"]
[BlackElo "2168"]
[PlyCount "68"]
[EventDate "2015.07.04"]
[EventType "swiss"]
[EventRounds "9"]
[EventCountry "ESP"]
[SourceTitle "CBM 167 Extra"]
[Source "ChessBase"]
[SourceDate "2015.09.14"]
[SourceVersion "1"]
[SourceVersionDate "2015.09.14"]
[SourceQuality "1"]

1. e4 Nf6 2. d3 d5 3. Nd2 e5 4. g3 dxe4 5. Nxe4 Nxe4 6. dxe4 Qxd1+ 7. Kxd1 Bc5 8. Ke2 Nc6 9. Be3 Bb6 10. Bxb6 axb6 11. c3 Be6 12. a3 Na5 13. Bh3 Bc4+ 14. Ke1 Bd3 15. f3 Ke7 16. Bf1 Bxf1 17. Kxf1 Rhd8 18. Ke2 Nc4 19. b3 Nxa3 20. Nh3 Nb5 21. Rxa8 Nxc3+ 22. Ke3 Rxa8 23. Rc1 Nb5 24. Nf2 Ra3 25. Rb1 Nd4 26. Nd3 f6 27. Rc1 c6 28. Rc3 Rxb3 29. Rxb3 Nxb3 30. Nb4 Kd6 31. Kd3 Nd4 32. f4 Ne6 33. fxe5+ Kxe5 34. Nc2 Nc5+ 0-1

[Event "Catalunya-chT"]
[Site "Catalunya"]
[Date "2014.02.08"]
[Round "3.1"]
[White "Carrasco Rodriguez, Jesus"]
[Black "Aloma Vidal, Roberto"]
[Result "1/2-1/2"]
[WhiteElo "2172"]
[BlackElo "2416"]
[PlyCount "107"]
[EventDate "2014.01.25"]
[EventType "team"]
[EventRounds "11"]
[EventCountry "ESP"]
[SourceTitle "CBM 158 Extra"]
[Source "ChessBase"]
[SourceDate "2014.02.28"]
[SourceVersion "1"]
[SourceVersionDate "2014.02.28"]
[SourceQuality "1"]
[WhiteTeam "Montcada"]
[BlackTeam "Barcelona Uga"]
[WhiteTeamCountry "ESP"]
[BlackTeamCountry "ESP"]

1. e4 c5 2. Nf3 d6 3. d4 cxd4 4. Nxd4 Nf6 5. Nc3 a6 6. g3 e5 7. Nde2 b5 8. Nd5 Nxd5 9. Qxd5 Ra7 10. Be3 Be6 11. Qd2 Rd7 12. Nc3 Nc6 13. Bg2 g6 14. a4 Bg7 15. Nd5 0-0 16. 0-0 Qb8 17. b4 Bxd5 18. exd5 Ne7 19. axb5 axb5 20. Ra5 Rc8 21. Rfa1 Rb7 22. R1a2 Qc7 23. Bf1 e4 24. Bd4 Nf5 25. Bxg7 Kxg7 26. g4 Nh4 27. Qd4+ Kg8 28. Qxe4 Qc3 29. Bd3 Qd2 30. Ra1 Rbb8 31. Rxb5 Rxb5 32. Bxb5 Rxc2 33. Rf1 Rc3 34. Be2 Rc2 35. Qe7 Qxe2 36. Qxh4 Kg7 37. Qg3 Qc4 38. Qxd6 Qxg4+ 39. Qg3 Qxb4 40. Rd1 Re2 41. d6 Re1+ 42. Rxe1 Qxe1+ 43. Kg2 Qe4+ 44. Kf1 Qd4 45. h4 h6 46. Kg1 Kf6 47. Qf3+ Ke6 48. Qb3+ Kf6 49. Qf3+ Kg7 50. Qc6 Qg4+ 51. Kf1 Qd1+ 52. Kg2 Kf6 53. Qc7 Qd5+ 54. Kg1 1/2-1/2

[Event "Barbera del Valles op 36th"]
[Site "Barbera del Valles"]
[Date "2013.07.04"]
[Round "1"]
[White "Carrasco Rodriguez, Jesus"]
[Black "Fluvia Poyatos, Jordi"]
[Result "0-1"]
[WhiteElo "2183"]
[BlackElo "2445"]
[PlyCount "102"]
[EventDate "2013.07.04"]
[EventType "swiss"]
[EventRounds "9"]
[EventCountry "ESP"]
[SourceTitle "CBM 155 Extra"]
[Source "ChessBase"]
[SourceDate "2013.08.26"]
[SourceVersion "1"]
[SourceVersionDate "2013.08.26"]
[SourceQuality "1"]

1. e4 c5 2. Nf3 d6 3. d4 cxd4 4. Nxd4 Nf6 5. Nc3 g6 6. Be3 Bg7 7. f3 a6 8. Qd2 Nbd7 9. 0-0-0 b5 10. Kb1 Bb7 11. a3 Rc8 12. Bd3 0-0 13. Nde2 Ne5 14. Bh6 d5 15. Bxg7 Kxg7 16. exd5 Nxd5 17. Nxd5 Qxd5 18. Qe3 Qc5 19. Qxc5 Rxc5 20. Nc3 Nxd3 21. Rxd3 Rfc8 22. Rd7 R5c7 23. Rhd1 g5 24. R1d4 f5 25. Kc1 Bc6 26. Rxc7 Rxc7 27. Kd2 h5 28. Ke2 g4 29. Kf2 Kf6 30. f4 h4 31. Nd1 Rc8 32. Ne3 Ke6 33. c4 Rg8 34. cxb5 axb5 35. Rd2 g3+ 36. hxg3 hxg3+ 37. Ke2 Be4 38. Rd4 Rh8 39. Rb4 Rh4 40. Nf1 Rg4 41. Rb3 Bxg2 42. Nxg3 Bd5 43. Re3+ Kf6 44. Kd3 e6 45. Kc3 Kf7 46. Ne2 Bc4 47. Nd4 Rxf4 48. b3 Bd5 49. Nxb5 Rf1 50. Nd4 f4 51. Rh3 e5 0-1

[Event "Montcada op 20th"]
[Site "Montcada"]
[Date "2012.06.25"]
[Round "1"]
[White "Carrasco Rodriguez, Jesus"]
[Black "Margvelashvili, Giorgi"]
[Result "0-1"]
[WhiteElo "2168"]
[BlackElo "2552"]
[PlyCount "104"]
[EventDate "2012.06.25"]
[EventType "swiss"]
[EventRounds "9"]
[EventCountry "ESP"]
[SourceTitle "CBM 149 Extra"]
[Source "ChessBase"]
[SourceDate "2012.08.24"]
[SourceVersion "1"]
[SourceVersionDate "2012.08.24"]
[SourceQuality "1"]

1. e4 c6 2. d4 d5 3. Nc3 dxe4 4. Nxe4 Bf5 5. Ng3 Bg6 6. Nf3 e6 7. h4 h6 8. h5 Bh7 9. Bd3 Bxd3 10. Qxd3 Nf6 11. Bd2 Be7 12. 0-0-0 0-0 13. Ne4 Nbd7 14. Kb1 c5 15. dxc5 Nxc5 16. Nxf6+ Bxf6 17. Qb5 Qc7 18. Be3 Rfc8 19. g4 Ne4 20. Qd3 Qc4 21. Nd4 Qxd3 22. Rxd3 Rc4 23. c3 b6 24. f3 Ng5 25. f4 Ne4 26. Nf3 Nc5 27. Rdd1 Na4 28. g5 Bxc3 29. bxc3 Nxc3+ 30. Kb2 Nxd1+ 31. Rxd1 Rac8 32. gxh6 Rc2+ 33. Kb1 gxh6 34. Bd4 Rg2 35. Bf6 Rg4 36. Rd4 Rg3 37. Ne5 Rg1+ 38. Kb2 Rg2+ 39. Kb3 Rg3+ 40. Kb4 Rgc3 41. Ng4 Rh3 42. Rd7 Rxh5 43. Ne5 a5+ 44. Ka4 Rf8 45. Be7 Ra8 46. Bf6 b5+ 47. Kb3 Rf8 48. Be7 Rc8 49. Bf6 Rf8 50. Be7 Rc8 51. Bf6 b4 52. Nxf7 Rf8 0-1

[Event "Catalunya-chT"]
[Site "Catalunya"]
[Date "2012.03.10"]
[Round "7.9"]
[White "Ibanez Tarradellas, Eduardo"]
[Black "Carrasco Rodriguez, Jesus"]
[Result "1/2-1/2"]
[WhiteElo "2300"]
[BlackElo "2171"]
[PlyCount "107"]
[EventDate "2012.01.28"]
[EventType "team-tourn"]
[EventRounds "11"]
[EventCountry "ESP"]
[SourceTitle "EXT 2013"]
[Source "ChessBase"]
[SourceDate "2012.11.22"]
[SourceVersion "1"]
[SourceVersionDate "2012.11.22"]
[SourceQuality "1"]
[WhiteTeam "Barcelona Uga"]
[BlackTeam "Montcada"]
[WhiteTeamCountry "ESP"]
[BlackTeamCountry "ESP"]

1. d4 d5 2. Bg5 Nf6 3. Bxf6 exf6 4. e3 c6 5. Nd2 Bd6 6. g3 0-0 7. Bg2 Re8 8. Ne2 Qb6 9. b3 Bg4 10. Nf3 Nd7 11. 0-0 Rad8 12. c4 Qa5 13. c5 Bb8 14. b4 Qc7 15. a4 Nf8 16. Qc2 Qd7 17. Nc3 Bc7 18. Ra3 Rb8 19. Rb3 Ng6 20. b5 Qf5 21. Qxf5 Bxf5 22. Ra1 Ba5 23. Ra2 a6 24. Bf1 Ra8 25. bxc6 bxc6 26. Rab2 Bc7 27. Rb7 Ba5 28. Na2 Bc8 29. R7b3 Kf8 30. Nb4 Ne7 31. Bd3 Rd8 32. h3 h5 33. Kg2 g6 34. Ng1 Kg7 35. Ne2 Re8 36. Nf4 Rd8 37. f3 Ra7 38. Kf2 Bc7 39. h4 a5 40. Nc2 Nf5 41. Ne2 g5 42. e4 Ne7 43. hxg5 fxg5 44. Ne3 f6 45. exd5 cxd5 46. Nc3 Nc6 47. Nb5 Rb7 48. Bf5 Bxf5 49. Nxf5+ Kg6 50. Nxc7 Rxc7 51. g4 Nb4 52. Re2 hxg4 53. fxg4 Rh8 54. Ke1 1/2-1/2

[Event "Barcelona Tancat Sant Marti 2nd"]
[Site "Barcelona"]
[Date "2010.10.16"]
[Round "3"]
[White "Sanchez Criado, Lluis"]
[Black "Carrasco Rodriguez, Jesus"]
[Result "0-1"]
[WhiteElo "2176"]
[BlackElo "2181"]
[PlyCount "72"]
[EventDate "2010.10.02"]
[EventType "tourn"]
[EventRounds "9"]
[EventCountry "ESP"]
[SourceTitle "EXT 2024"]
[Source "ChessBase"]
[SourceDate "2023.10.10"]
[SourceVersion "1"]
[SourceVersionDate "2023.10.10"]
[SourceQuality "1"]

1. d4 d5 2. c4 e6 3. cxd5 exd5 4. Nc3 Nf6 5. Bg5 Nbd7 6. e3 c6 7. Qc2 Be7 8. Bd3 Nh5 9. Bxe7 Qxe7 10. Nge2 Nhf6 11. Ng3 0-0 12. 0-0 Nb6 13. Nce2 g6 14. Rab1 h5 15. Rfe1 h4 16. Nf1 h3 17. g3 Bg4 18. Nd2 Rac8 19. b4 Nh7 20. Nf4 Ng5 21. Be2 Bf5 22. Nd3 Nc4 23. Rb3 Nxe3 24. fxe3 Qxe3+ 25. Kf1 Rfe8 26. Qc3 Ne4 27. Nxe4 Qxe4 28. Nf4 Qh1+ 29. Kf2 Qxh2+ 30. Kf1 g5 31. Qf3 gxf4 32. gxf4 Re4 33. Qg3+ Qxg3 34. Rxg3+ Kh8 35. Rd1 Rce8 36. Bg4 Rxf4+ 0-1

[Event "Barcelona Tancat Sant Marti 2nd"]
[Site "Barcelona"]
[Date "2010.10.09"]
[Round "2"]
[White "Carrasco Rodriguez, Jesus"]
[Black "Shatko, Danil"]
[Result "1-0"]
[WhiteElo "2181"]
[BlackElo "2035"]
[PlyCount "61"]
[EventDate "2010.10.02"]
[EventType "tourn"]
[EventRounds "9"]
[EventCountry "ESP"]
[SourceTitle "EXT 2024"]
[Source "ChessBase"]
[SourceDate "2023.10.10"]
[SourceVersion "1"]
[SourceVersionDate "2023.10.10"]
[SourceQuality "1"]

1. e4 e6 2. d4 d5 3. e5 c5 4. c3 Qb6 5. Nf3 Nc6 6. Bd3 Bd7 7. dxc5 Bxc5 8. 0-0 a5 9. a4 Nge7 10. Na3 Bxa3 11. Rxa3 f5 12. exf6 gxf6 13. Be3 Qc7 14. Nd4 f5 15. Nb5 Qb8 16. Qh5+ Ng6 17. Bc5 Nce5 18. Bd6 Nxd3 19. Bxb8 Rxb8 20. Nd6+ Ke7 21. Nxf5+ exf5 22. Qe2+ Be6 23. Qxd3 Rhg8 24. Qg3 f4 25. Qg5+ Kd7 26. Rb3 Rbf8 27. Rxb7+ Kc6 28. Rxh7 f3 29. Re1 Nf4 30. Qxf4 Rxg2+ 31. Kh1 1-0

[Event "Barcelona Ateneu Colon op 4th"]
[Site "Barcelona"]
[Date "2009.05.05"]
[Round "3"]
[White "Carrasco Rodriguez, Jesus"]
[Black "Rojas Keim, Luis Alberto"]
[Result "0-1"]
[WhiteElo "2091"]
[BlackElo "2444"]
[PlyCount "76"]
[EventDate "2009.04.21"]
[EventType "swiss"]
[EventRounds "9"]
[EventCountry "ESP"]
[SourceTitle "EXT 2011"]
[Source "ChessBase"]
[SourceDate "2010.11.26"]
[SourceVersion "1"]
[SourceVersionDate "2010.11.26"]
[SourceQuality "1"]

1. e4 e6 2. d4 d5 3. Nc3 Nf6 4. e5 Nfd7 5. f4 c5 6. Nf3 Nc6 7. Be3 cxd4 8. Nxd4 Bc5 9. Qd2 0-0 10. 0-0-0 a6 11. Kb1 Nxd4 12. Bxd4 b5 13. Bxc5 Nxc5 14. Qe3 Qb6 15. Bd3 Na4 16. Qe1 Bd7 17. Ne2 Rfc8 18. g4 b4 19. Qh4 g6 20. Ka1 Bb5 21. f5 Qe3 22. Qg3 Qxg3 23. Nxg3 Bxd3 24. Rxd3 Rxc2 25. Rb3 a5 26. Kb1 Rc4 27. h3 Nc5 28. Re3 a4 29. Rc1 Rxc1+ 30. Kxc1 Rc8 31. Kd2 b3 32. a3 Nd7 33. Rc3 Re8 34. fxg6 hxg6 35. Re3 Nb6 36. Kd3 Rc8 37. Re2 Rc1 38. Rh2 Nc4 0-1

[Event "Hospitalet op"]
[Site "Hospitalet"]
[Date "2009.01.03"]
[Round "7"]
[White "Garcia Riera, Josep"]
[Black "Carrasco Rodriguez, Jesus"]
[Result "0-1"]
[WhiteElo "2042"]
[BlackElo "2063"]
[PlyCount "62"]
[EventDate "2008.12.27"]
[EventType "swiss"]
[EventRounds "9"]
[EventCountry "ESP"]
[SourceTitle "CBM 128 Extra"]
[Source "ChessBase"]
[SourceDate "2009.03.05"]
[SourceVersion "2"]
[SourceVersionDate "2009.03.25"]
[SourceQuality "1"]

1. d4 Nf6 2. c4 g6 3. Nc3 d5 4. Bf4 Bg7 5. e3 c5 6. dxc5 Qa5 7. Rc1 Ne4 8. cxd5 0-0 9. Bc4 Nxc3 10. Qd2 Qb4 11. Rxc3 Bxc3 12. Qxc3 Qxc3+ 13. bxc3 Nd7 14. c6 Nb6 15. Bb3 bxc6 16. dxc6 Ba6 17. Nf3 Rfc8 18. Ne5 e6 19. e4 Bb5 20. Kd2 Bxc6 21. Nxc6 Rxc6 22. Rc1 a5 23. a4 Rd8+ 24. Ke2 Rdc8 25. Kd3 Nd7 26. f3 Nc5+ 27. Kc2 f6 28. Be3 Kf7 29. Bd4 Ke7 30. h4 Na6 31. Kd2 Rd6 0-1